02715nab a2200229uuc4500001000800000005001700008008004100025035001200066035002100078040001300099041000800112100003600120245023200156520180300388650003402191650004302225650001502268650002702283700004102310700003702351773009702388123792420240223085637.0110407e20101001 spa  a1237924 a(OCoLC)820581361 ccomduadb aspa10aLancheros Paez, Lilia4auteaut10aIdentificación de la adherencia al tratamiento nutricional aplicando el modelo de conocimientos, actitudes y prácticas en un grupo de personas con diabetes mellitus tipo 2 atendidas en la Asociación Colombiana de Diabetes3 aIntroducción: el tratamiento nutricional es uno de los pilares en el manejo de la diabetes; sin embargo se reportan bajos niveles de adherencia, constituyendo una dificultad importante para el alcance de las metas metabólicas. Objetivo: identificar la adherencia al tratamiento nutricional en un grupo de personas con Diabetes Mellitus tipo 2, aplicando el modelo de Conocimientos, Actitudes y Prácticas. Material y métodos: estudio descriptivo transversal realizado con un grupo de personas con Diabetes Mellitus tipo 2 afiliados a la Asociación Colombiana de Diabetes, en quienes se evaluaron conocimientos, actitudes y prácticas acerca del tratamiento y se relacionaron con el consumo de calorías y macronutrientes. Los datos se analizaron aplicando estadística descriptiva, prueba de correlación interna, chi cuadrado y prueba exacta de Fisher. Resultados: no hubo adherencia completa a las recomendaciones nutricionales, el 30% de los participantes se adhirió a la prescripción de calorías, 13% a la de carbohidratos, 23% a la de grasa y 3% a la de proteína. Los conocimientos sobre la enfermedad fueron suficientes, pero los relacionados con el intercambio de alimentos no lo fueron; se encontraron actitudes positivas en la mayoría de los participantes y menos de la mitad refirió prácticas adecuadas. Discusión y conclusiones: la relación entre conocimientos, actitudes y prácticas con la adherencia no fue estadísticamente significativa, sin embargo, la correlación entre conocimientos (p = 0,057) y practicas (p=0,053) fueron las de mayor valor. Debido a que la adherencia es un fenómeno múltiple y complejo que implica diversidad de conductas, es importante seguir explorando metodologías para identificar las variables que la condicionan. 7aDiabetes mellitus tipo 22dcs aConocimientos, actitudes y prácticas aAdherencia aAspectos nutricionales10aPava Cárdenas, Alexandra4auteaut10aBohórquez Poveda, A.4auteaut0 tDiaeta (Buenos Aires)gVol. 28, No. 133, Oct.-Dic. 2010, p. 17-23w343105x0328-13100112367